• 首页
  • 本馆介绍
  • 公告通知
  • 最新文献
  • 馆藏检索
  • 电子资源
  • 读者导购
  • 参考咨询
  • 我的图书馆
  • 登录
  • 详细信息显示
  • 放入我的书架
  • 预约/预借图书
  • 作者相关作品
  • 分类相关作品
  • 丛书相关作品
  • 出版社相关作品

书目信息

  • 表格格式
  • 工作单格式
  • 卡片格式
题名:
任正非的哲学
    
 
作者: 张笑恒 编著
分册:  
出版信息: 北京   北京工业大学出版社  2017
页数: 244页
开本: 24cm
丛书名:
单 册:
中图分类: F632.765
科图分类:
主题词: 通信--邮电企业--企业管理--经验--深圳
电子资源:
ISBN: 978-7-5639-5015-7
000 00931nam0 2200229 45
001 012001003466
005 20140926114740.0
010    @a978-7-5639-5015-7@dCNY30.00
100    @a20170328d2017 em y0chiy50 ea
101 0  @achi
102    @aCN@b110000
105    @ay z 000yy
106    @ar
200 1  @a任正非的哲学@9ren zheng fei de zhe xue@f张笑恒编著
210    @a北京@c北京工业大学出版社@d2017
215    @a244页@d24cm
330    @a本书共分为十三章,主要包括了低调之道——静水潜流的智慧、“灰度”之道——开放妥协和包容、危机之道——唯有“惶者”方可生存、坚韧之道——烧不死的鸟是凤凰、务实之道——土夯实一层,再撒一层、战略之道——一个公司要有战略耐性、学习之道——没有学习就没有成长、创新之道——只推动有价值的创新等内容。
606 0  @a通信@x邮电企业@x企业管理@x经验@y深圳
690    @aF632.765@v5
701  0 @a张笑恒@9zhang xiao heng@4编著
801  0 @aCN@b上海新华@c20180901
905    @b1162909-13@dF632.765@e13@f5
    
    任正非的哲学/张笑恒编著.-北京:北京工业大学出版社,2017
    244页;24cm
    
    
    ISBN 978-7-5639-5015-7:CNY30.00
    本书共分为十三章,主要包括了低调之道——静水潜流的智慧、“灰度”之道——开放妥协和包容、危机之道——唯有“惶者”方可生存、坚韧之道——烧不死的鸟是凤凰、务实之道——土夯实一层,再撒一层、战略之道——一个公司要有战略耐性、学习之道——没有学习就没有成长、创新之道——只推动有价值的创新等内容。
●
相关链接 在E读中查询图书 在五车中查询图书 在当当中查询图书 在豆瓣中查询图书


正题名:任正非的哲学     索取号:F632.765/13         预约/预借

序号 登录号 条形码 馆藏地/架位号 状态 备注
1 1162909   211629095   第一样本阅览室/ [索取号:F632.765/13] 在馆    
2 1162910   211629102   密集书库-文学院/ [索取号:F632.765/13] 在馆    
3 1162911   211629111   第一借阅区/ [索取号:F632.765/13] 在馆    
4 1162912   211629120   第一借阅区/ [索取号:F632.765/13] 在馆    
5 1162913   211629139   第一借阅区/ [索取号:F632.765/13] 在馆    
唐山师范学院图书馆 欢迎您!
大连网信软件有限公司© 版权所有